ห้องสมุดวิทยาลัยพยาบาลบรมราชชนนี ตรัง
Boromarajonani College Of Nursing,Trang Library
เปลี่ยนเป็นภาษาไทย

Change to English
 แสดงรายละเอียดบรรณานุกรม
  กลับหน้าหลัก

Brief Record : Get Marc (ISO 2709) : E-mail record : QR code ปิดหน้าต่าง
หนังสือใหม่ : เกี่ยวกับ Collections
LEADER 00000nam 2200000uu 4500
001    13399123848
003     BCNT
008    260605s||||||||th 000 0 tha d
020    9786164970731
060  0 QV100 ว420ก 2565
100    วสันต์ กาติ๊บ
245 1   ^aการใช้ยาต้านจุลชีพอย่างเหมาะสมในผู้ป่วยนอก /วสันต์ กาติ๊บ.
250    ^aพิมพ์ครั้งที่ 2.
260    ^aกรุงเทพฯ :^bจุฬาลงกรณ์มหาวิทยาลัย,^c2565.
300    ^a188 หน้า :^bภาพประกอบ ;^c26 ซม.
502    หนังสือเล่มนี้ผู้นิพนธ์ได้จัดทำขึ้นโดยมีจุมุ่งหมายอยู่สองประการคือ ประการแรกเพื่อให้นักศึกษาที่มีความสนใจในโรคติดเชื้อไว้อ่านประกอบการเรียนด้านโรคติดเชื้อในผู้ป่วยนอก ประการที่สอง เพื่อให้ผู้สนใจทั่วไปทั้ง เภสัชกร และบุคลากรทางด้านสาธารณสุขอื่นๆ ได้นำไปใช้ในการดูแลผู้ป่วยนอกโรคติดเชื้อให้มีประสิทธิภาพมากขึ้น
650  4 ^aการใช้ยา
650  4 ^aยาต้านจุลชีพ
999    ปรมินทร์
รายการนี้ยังไม่มีแท็ก
คุณยังไม่ได้ล็อกอิน คุณสามารถมีกิจกรรมร่วมกับเว็บไซต์ได้ แต่ต้องล็อกอินก่อน ::
  ล็อกอิน
ลำดับที่ ประเภท เลขเรียก สถานที่ สถานะ
1. หนังสือ
หนังสือ
QV100 ว420ก 2565 c.1 
  
ห้องสมุดสาขาหลัก
►ระบบ NLM
On Shelf
2. หนังสือ
หนังสือ
QV100 ว420ก 2565 c.2 
  
ห้องสมุดสาขาหลัก
►ระบบ NLM
On Shelf
3. หนังสือ
หนังสือ
QV100 ว420ก 2565 c.3 
  
ห้องสมุดสาขาหลัก
►ระบบ NLM
On Shelf
4. หนังสือ
หนังสือ
QV100 ว420ก 2565 c.4 
  
ห้องสมุดสาขาหลัก
►ระบบ NLM
On Shelf
5. หนังสือ
หนังสือ
QV100 ว420ก 2565 c.5 
  
ห้องสมุดสาขาหลัก
►ระบบ NLM
On Shelf
   [แสดง 5/5 รายการ]

รายการใกล้เคียง
    หัวเรื่อง [การใช้ยา]

BibComment


ยังไม่เคยถูกคอมเมนท์

คอมเมนท์ทรัพยากรรายการนี้
  คอมเมนท์: การใช้ยาต้านจุล..
Bib 13399123848

 
 
 

 Union Library Management : ULibM
Copyright 2026. All Rights Reserved.